| 000 | 01607nam0a2200337 i 4500 | ||
|---|---|---|---|
| 001 | RU\NLR\bibl\2029125 | ||
| 005 | 20240723101621.0 | ||
| 010 | _a9785930151350 | ||
| 021 |
_aRU _b2013-28135 _91936 |
||
| 035 | _a(NLR Aleph) 002017023 | ||
| 090 |
_a4486359 _c4486359 |
||
| 100 | _a20130429d2012 u y0rusy50 ca | ||
| 101 | 0 | _arus | |
| 102 | _aRU | ||
| 105 | _aa ||||||||| | ||
| 200 | 1 |
_aСказка о больной слонихе, о лисе-франтихе и о деве-крокодилке с талией, как рюмка _fА.Б. Трухачев _gрис. авт. |
|
| 210 |
_aМосква _cДом-музей Марины Цветаевой _d2012 |
||
| 215 |
_a35 с. _cил. _d20 |
||
| 300 | _aНа авантит.: К 100-летию со дня рождения Андрея Борисовича Трухачева | ||
| 327 | 1 | _aВ кн. также: Была в его жизни сказка/ Ольга Трухачева | |
| 464 | 0 |
_12001#$aБыла в его жизни сказка$fОльга Трухачева _1700#1$aТрухачева$bО. А.$f1957-$gОльга Андреевна$4070 _tБыла в его жизни сказка _aТрухачева, Ольга Андреевна (1957-) |
|
| 686 | _aШ9(2)60=Р7-5 | ||
| 700 | 1 |
_aТрухачев _bА. Б. _f1912-1993 _gАндрей Борисович _4070 |
|
| 702 | 1 |
_aТрухачев _bА. Б. _f1912-1993 _gАндрей Борисович _4440 |
|
| 801 | 0 |
_aRU _bNLR _c20130429 _gRCR |
|
| 801 | 1 |
_aRU _bNLR _c20130429 |
|
| 942 | _cBOOK | ||
| 980 | _aNBR | ||